00672cam a22002171 4500001001300000003000400013005001700017008004100034010001700075035002000092040001800112042001200130043001200142050002400154111006500178245006900243260004300312300003100355651005100386999001700437sa 64007472 DLC20260227112047.0890317m19639999io ac 000 0 ind  asa 64007472  a(OCoLC)23560754 aDLCcMiUdDLC apremarc aa-io---00aJQ779.A55bA75 19622 aPartai Komunis Indonesia. Kongresn(7th :d1962 :cDjakarta)10aMadju terus; dokumen-dokumen Kongres Nasional ke-VII (luarbiasa) a[Djakarta,bJajasan Pembaruan,c1963-] av.billus., ports.c20 cm. 0aIndonesiaxPolitics and governmenty1950-1966. c60281d60281